000 00585nam a2200241Ia 4500
005 20250425160658.0
008 250425s9999 xx 000 0 und d
020 _a0201002809
041 _aspa
082 _a530
100 _aALONSO, MARCELO
245 0 _aFISICA: VOLUMEN II CAMPOS Y ONDAS
250 _a1A ED.
260 _aEstados Unidos
_bADDISON WESLEY IBEROAMERICANA
_c1987
260 _aWILMINGTON
300 _a472
650 _aFISICA
650 _aONDAS
650 _aTEORIA DE CAMPOS (FISICA)
700 _aFINN, EDWARD J.
942 _c01
010 _a2098
999 _c193944
_d193944